000 00686nam a22002177a 4500
003 UA-OsUOA
001 79131
007 ta
008 20111103b un ||||| |||| 00| 0 ukr d
100 _aАлексєєв С.В.
090 _a94(477)
_bА47
942 _cSA
040 _aUA-OsUOA
_bukr
_cUA-OsUOA
_dUA-OsUOA
245 _aІсторичні особливості формування середнього класу в Україні в перехідний до ринку період (1991-2004 рр.)
300 _aС.3-11
955 _a0
041 _aukr
080 _a94(477)
773 0 _w79129
650 7 _a9 Географія. Біографії. Історія
_2UDC
999 _c365450
_d365450